[Event "EU-ch 4th"]
[Site "Istanbul"]
[Date "2003.06.01"]
[Round "3"]
[White "Mastrovasilis, Athanasios"]
[Black "Hracek, Zbynek"]
[Result "0-1"]
[WhiteElo "2487"]
[BlackElo "2584"]
[Annotator "Ribli,Z"]
[PlyCount "64"]
[EventDate "2003.05.30"]
[EventType "swiss"]
[EventRounds "13"]
[EventCountry "TUR"]
[SourceTitle "CBM 096"]
[Source "ChessBase"]
[SourceDate "2003.09.25"]
[SourceVersion "1"]
[SourceVersionDate "2003.09.25"]
[SourceQuality "1"]

1. c4 Nf6 2. Nc3 e5 3. Nf3 Nc6 4. e3 {Diese Variante ist heutzutage ein
seltener Gast in der Turnierpraxis - die Alternative 4.g3 wird dagegen oft
gespielt.} Bb4 (4... Be7) 5. Qc2 (5. Nd5 e4 6. Ng1 O-O $11) 5... Bxc3 {Dieser
Tausch bietet Schwarz ausgezeichnete Ausgleichschancen, aber die Alternative 5.
..0-0 6.Nd5 Re8 7.Qf5 d6 kommt auch in Betracht.} 6. Qxc3 Qe7 7. d4 {Statt
dieser Fortsetzung spielt Weiß gewöhnlich 8.a3. Es ist logisch, dass Weiß -
mit dem Läuferpaar - die Stellung öffnen möchte, aber Schwarz hat eine gute
Entwicklung und eine bequeme Stellung.} (7. a3 d5 8. d4 exd4 9. Nxd4 Nxd4 10.
Qxd4 c5 11. Qh4 Be6 (11... Bd7 12. cxd5 Nxd5 13. Qxe7+ Kxe7 14. e4 Nc7 15. Be3
b6 16. O-O-O Rad8 17. Be2 Bb5 {1/2-1/2 Gurevich,M-Bareev,E/Germany 1999/EXT
2000 (24)}) 12. cxd5 Bxd5 (12... Nxd5 13. Bb5+ Bd7 14. Qxe7+ Kxe7 15. Be2 Rhd8
16. e4 Nc7 17. Be3 Ne6 18. Bc4 {1/2-1/2 Onischuk,A-Shirov,A/New Delhi/Theran
2000/CBM 80 (18)}) 13. Bb5+ Nd7 14. Qxe7+ Kxe7 15. f3 (15. Bxd7 Kxd7 16. f3 Bb3
17. e4 Kc6 18. Be3 a5 19. Rc1 b6 20. Rc3 c4 21. Ke2 Rhe8 22. g4 Rad8 23. Rhc1
Kb7 24. Bd2 Re6 25. Be1 Red6 {1/2-1/2 Chuchelov,V-Bareev,E/Halkidiki 2002/CBM
92 (25)}) 15... f5 16. Bd2 Nf6 17. Bc3 Rhd8 18. Kf2 Bb3 19. Be2 {1/2-1/2
Solozhenkin,E-Sergeev,V/St Petersburg RUS 2003/ (19)}) 7... exd4 8. Nxd4 Nxd4
9. Qxd4 c5 (9... O-O 10. Be2 d5 11. cxd5 Rd8 12. O-O Nxd5 13. b3 c5 14. Qb2 Bf5
15. Bd2 Rd6 16. Rfd1 Rad8 17. Be1 b6 {1/2-1/2 Banas,J-Marek,S/Presov 2000/EXT
2001 (32)}) 10. Qh4 (10. Qd3 O-O 11. b3 d5 12. cxd5 Qe5 (12... Rd8 $11) 13. Qb1
Bf5 $15) 10... d5 {[%mdl 4]} 11. cxd5 Nxd5 12. Qxe7+ (12. Bb5+ Bd7 13. Bxd7+
Qxd7 14. O-O O-O $11) 12... Kxe7 13. Bd2 $11 {Weiß muss sich gegen 13...Nb4
verteidigen. Es ist wahr, dass Weiß das Läuferpaar hat, aber Schwarz hat keine
Probleme.} (13. b3 $6 Nb4 $15) 13... Be6 14. O-O-O $6 {[%csl Rc1]} (14. e4 Nb4
(14... Nf6 15. f3 $11) 15. Rc1 (15. Bxb4 cxb4 16. Bd3 Rhd8 $11) 15... b6 16. a3
Nc6 $11) 14... Rac8 15. Be2 Nb4 $5 16. Bxb4 $6 {Es wäre besser gewesen das
Läuferpaar auf dem Brett zu halten.} (16. a3 $1 Nc6 $11 (16... Bf5 17. e4 $1 (
17. axb4 $2 cxb4+ $17) 17... Bxe4 18. Bc4 {[%cal Rh1e1,Re1e7]} Nd3+ 19. Bxd3
Bxd3 20. Bg5+ f6 21. Rhe1+ Kf7 22. Rxd3 fxg5 23. Rd7+ $16)) 16... cxb4+ 17. Kb1
b3 {Auf diese Weise kann sich Schwarz schnell von seinem Doppelbauern befreien.
} 18. axb3 (18. a3 Rc2 $17) 18... Bxb3 19. Rc1 (19. Rd2 Rhd8 $15) 19... Rhd8
$15 20. Rxc8 Rxc8 21. Bd3 (21. Rc1 $2 Ba2+ $19) 21... a5 $1 {[%csl Gb3,Gc8]
[%cal Gc8c1][%mdl 32] Schwarz mobilisiert seine Mehrheit am Damenflügel und
seine Figuren stehen aktiv. Er kontrolliert die offene c-Linie.} 22. h4 {
[%cal Gh1h3,Gh3g3]} h6 23. e4 a4 24. Rh3 g5 (24... Rc5) 25. hxg5 hxg5 26. Rg3
Rc5 $1 $17 {[%csl Gc5] Der Turm steht ausgezeichnet auf c5 - er verteidigt den
g5-Bauern und bereitet den Zug b7-b5 vor.} (26... f6 $6 27. e5 $132) 27. Rg4
Be6 (27... b5 $17) 28. Rg3 b5 {[%csl Ga4,Gb5][%cal Gb5b4]} 29. Bc2 {Auf diese
Weise verhindert Weiß 29...b4.} Kd6 {[%csl Gc5,Gd6,Ge6] Alle schwarze Figuren
stehen aktiv - Weiß kann nur - ohne Gegenspiel - warten.} 30. Rd3+ Ke5 {
[%csl Ge5]} 31. Rd8 Rc8 32. Rd1 $2 (32. Rxc8 Bxc8 33. Ka2 Kd4 $17) (32. Rd2 Rh8
$17 {[%cal Gh8h1,Gh1b1,Gh8h2,Gh2f2]}) 32... Rxc2 $1 $19 {[%cal Re6b3,Rb3d1]} (
32... Rxc2 $1 33. Kxc2 Bb3+ 34. Kc1 Bxd1 35. Kxd1 Kxe4 $19) 0-1

[Event "Corus"]
[Site "Wijk aan Zee"]
[Date "2006.01.29"]
[Round "13"]
[White "Ivanchuk, Vassily"]
[Black "Karjakin, Sergey"]
[Result "1-0"]
[WhiteElo "2729"]
[BlackElo "2660"]
[Annotator "Ribli,Z"]
[PlyCount "127"]
[EventDate "2006.01.14"]
[EventType "tourn"]
[EventRounds "13"]
[EventCountry "NED"]
[EventCategory "19"]
[SourceTitle "CBM 111"]
[Source "ChessBase"]
[SourceDate "2006.04.04"]
[SourceVersion "1"]
[SourceVersionDate "2006.04.04"]
[SourceQuality "1"]

1. c4 e5 2. Nc3 Nf6 3. Nf3 Nc6 4. e3 {Das ist eine Überraschung für Karjakin -
bis jetzt spielte Ivanchuk immer 4.g3 in dieser Stellung.} Bb4 5. Qc2 Bxc3 6.
Qxc3 Qe7 7. a3 d5 8. d4 exd4 (8... Nxd4 9. Nxd4 exd4 {Diese Zugfolge führt zur
Partiefortsetzung.}) 9. Nxd4 Nxd4 {Ein natürlicher Zug; ebenso kommt die
Alternative 9...Ne5!? in Betracht.} (9... Ne5 $5 {Eine wichtige schwarze Idee
ist früher oder später Nxc4 zu spielen, wonach Weiß seinen weißfeldrigen
Läufer tauschen muss.} 10. b4 O-O 11. Bb2 Re8 12. Nf3 Nxc4 13. Bxc4 dxc4 14.
Qxc4 Be6 15. Qh4 Nd5 16. Qg3 f6 17. O-O Bf7 {0-1 Wintzer,J-Gyimesi,Z/Germany
2004/CBM 100 ext (74)}) 10. Qxd4 c5 11. Qh4 (11. Qf4 O-O $5 12. Be2 dxc4 13.
Bxc4 Be6 14. O-O $6 (14. Be2 $5) 14... Bxc4 15. Qxc4 Rfd8 16. f3 Nd7 $1 {
0-1 O'Cinneide,M-Baburin,A/Dublin 1995/CBM 46 ext (38)}) 11... Be6 (11... dxc4
12. Bxc4 O-O 13. O-O Be6 14. Bd3 (14. Be2 Bb3 15. f3 Rfd8) 14... Rfe8 {0-1
Isajevsky,A-Timoscenko,G/Cheliabinsk 2005/EXT 2006 (51)}) 12. cxd5 Nxd5 {
In Betracht kommt ebenfalls 12...Bxd5.} (12... Bxd5 13. Bb5+ Nd7 14. Qxe7+ Kxe7
15. f3 a6 (15... f5 16. Bd2 Nf6 17. Bc3 Rhd8 18. Kf2 Bb3) (15... Ne5 {[%cal
Gd5c4]}) 16. Bxd7 Kxd7 17. e4 Bb3 18. Be3 b6 {1/2-1/2 Morovic Fernandez,
I-Karpov,A/Sao Paulo 2004/ (18)}) 13. Qxe7+ $146 {[%mdl 4]} (13. Bb5+ Bd7 14.
Qxe7+ (14. Bxd7+ $5 Qxd7 15. O-O) 14... Kxe7 15. Be2 Rhd8 16. e4 Nc7 17. Be3
Ne6 18. Bc4 {1/2-1/2 Onischuk,A-Shirov,A/New Delhi/Theran 2000/CBM 81/[Ribli
Zoltan] (18)}) 13... Nxe7 14. Bb5+ Bd7 15. Be2 $1 {Weiß besitzt das Läuferpaar;
er muss seine Läufer behalten.} f6 (15... a5 16. e4 a4 17. Be3 b6 18. Rd1 O-O-O
19. f3 Be6 20. Kf2 Bb3) 16. e4 Kf7 17. Be3 Rhc8 18. f3 {[%csl Ge2,Ge3] Dr.
Tarrasch sagte: "es ist nicht wichtig, dass zwei Läufer mehr oder weniger
wirken, wichtig ist, dass sie sich auf dem Brett befinden". In diesem Fall ist
das weiße Läuferpaar nicht besonders aktiv, aber Schwarz hat auch keine aktive
Möglichkeiten.} Be6 19. Rc1 b6 (19... c4 $5) 20. Ba6 Rd8 21. b4 $1 $14 {
Weiß besitzt mit einem Minoritätsangriff aktives Angriffsspiel am Damenflügel.}
cxb4 22. axb4 Bc8 23. Be2 Be6 (23... Rd6 24. Kf2 a5 25. b5 $1) 24. Kf2 Rac8 25.
Ra1 Nc6 (25... Bc4 26. Bxc4+ $1 (26. Bd1 Nc6) 26... Rxc4 27. Rxa7 Rxb4 28. Rc1
$16 {[%cal Rc1c7,Ra7f7]}) (25... Rd7 26. Rhc1 $16) 26. Ba6 (26. Rhc1 $5) 26...
Rb8 27. Bb5 {[%csl Ra7,Gb5,Rc6,Ge3][%cal Ga1a7] Weiß verfügt über
positionellen Druck am Damenflügel.} Nxb4 28. Rxa7+ Kg8 29. Re7 {[%csl Gb5,Rb6,
Ge3,Ge7] Die weißen Figuren stehen aktiv und seine Bauernstruktur ist gesund,
während der schwarze b6P eine ewige Schwächung darstellt.} Bf7 30. Ra1 $16 {
[%cal Ra1a7,Ra7h7] Es droht die Turmeindringung auf a7.} Ra8 31. Rd7 $1 (31.
Rxa8 Rxa8 32. Bxb6 Rb8 33. Rd7 Rxb6 34. Rd8+ Be8 35. Bxe8 $16) 31... Rdc8 32.
Rxa8 Rxa8 33. Bxb6 {Weiß hat einen Bauern mehr, aber die technische Verwertung
des Vorteils ist nicht leicht, da sich beide Bauernketten am Königsflügel
befinden.} h6 34. Kg3 (34. Rd8+ Rxd8 35. Bxd8 {Mit dieser Variante erreichen
wir eine ähnliche Stellung wie später in dieser Partie.}) 34... Rc8 35. Rd6 Be8
36. Be2 {Wieder es ist notwendig das Läuferpaar zu behalten.} Rc6 37. Rxc6 Nxc6
38. Kf4 {[%mdl 4096]} Ne5 39. Bc7 Bd7 40. Ke3 $1 {[%cal Ge3d4,Gd4c5]} (40. Bxe5
$2 g5+ 41. Ke3 fxe5 $14) 40... Kf8 41. Kd4 Nf7 42. Ba5 Ne5 43. Bb4+ Ke8 44. Kc5
Ng6 45. Bd2 (45. Kd6 Nf4 46. Bf1) 45... Ne5 46. Kd6 Ba4 47. f4 Nf7+ 48. Kc7 {
Weiß verfügt über einen optimalen Angriff, unterstützt durch seinen König,
früher oder später droht er e4-e5.} Bd7 49. Bb4 Ba4 50. Bc4 Nh8 51. g3 Nf7 52.
h4 Nh8 53. Bd6 Ng6 (53... Nf7 54. e5) 54. Be2 {[%cal Re2h5,Rh5e8]} Nh8 (54...
Bb3 55. Bh5 Bf7 56. Bc5 $22 Nh8 57. Bg4 Bc4 58. e5 $18) 55. Bc4 Ng6 56. e5 $1
$18 fxe5 57. fxe5 Ne7 58. e6 g6 (58... Nf5 59. Bd3 Ne7 (59... Nxd6 60. Kxd6 $18
) 60. Bc5 Nd5+ 61. Kd6 Ne7 62. Bd4 $18) 59. Bc5 Nf5 60. Bd3 Ne7 (60... h5 61.
Bb4 Ne7 62. Kd6 $18) 61. Kd6 h5 62. Ke5 Nf5 63. Kf6 Bc6 64. e7 1-0

[Event "Helsinki op"]
[Site "Helsinki"]
[Date "1992.??.??"]
[Round "9"]
[White "Sher, Miron Naumovich"]
[Black "Sokolov, Andrei"]
[Result "1/2-1/2"]
[WhiteElo "2505"]
[BlackElo "2605"]
[Annotator "Ribli,Z"]
[PlyCount "93"]
[EventDate "1992.09.??"]
[EventType "swiss"]
[EventRounds "9"]
[EventCountry "FIN"]
[SourceTitle "CBM 032"]
[Source "ChessBase"]
[SourceDate "1993.02.01"]
[SourceVersion "1"]
[SourceVersionDate "1993.02.01"]
[SourceQuality "1"]

1. c4 e5 2. Nc3 Nf6 3. Nf3 Nc6 4. e4 Nd4 $5 5. Nxe5 Nxe4 (5... Qe7 $2 6. Nf3
Nxe4 7. Nd5 $1 $18) 6. Nxe4 Qe7 7. Bd3 Qxe5 8. O-O Ne6 9. Re1 d5 10. cxd5 (10.
Nc3 Qd4 $13) 10... Qxd5 11. Bc2 Be7 12. d3 O-O 13. Be3 c5 (13... Nd4 $2 14. Nc3
Qd7 15. Bxd4 $18) 14. Bb3 Qf5 15. f4 $1 Nd4 (15... Nxf4 $2 16. Ng3 Qf6 17. Bxf4
Qxf4 18. Rxe7 $18) 16. Bxd4 cxd4 17. Qf3 Bb4 18. Re2 Bd7 19. a3 Ba5 20. Bd5 $1
Qg6 21. h3 Bc6 22. f5 Qh6 23. Bxc6 Qxc6 24. f6 $36 Bd8 25. fxg7 Kxg7 26. Qf5 (
26. Rf1 $1) 26... Rc8 27. Rf1 Qe6 28. Ng3 Qxf5 29. Nxf5+ Kg6 30. Ne7+ Bxe7 31.
Rxe7 b5 32. Rxa7 Rc2 33. Rf4 f5 34. Rf2 Rfc8 35. Rd7 Rxf2 36. Kxf2 Rc2+ 37. Kf3
Rxb2 38. Rxd4 Rb3 39. Kf4 Rxa3 40. Rd6+ Kg7 41. Kxf5 b4 $1 42. Rd7+ Kh6 43.
Rd6+ (43. g4 Ra5+ $1 $10) 43... Kg7 44. Ke4 Ra2 45. g3 Rg2 46. Kf3 Rd2 47. Ke3
1/2-1/2

[Event "Interpolis"]
[Site "Tilburg"]
[Date "1992.10.11"]
[Round "2.1"]
[White "Christiansen, Larry Mark"]
[Black "Kortschnoj, Viktor Lvovich"]
[Result "1/2-1/2"]
[WhiteElo "2625"]
[BlackElo "2575"]
[Annotator "Ribli,Z"]
[PlyCount "92"]
[EventDate "1992.10.08"]
[EventType "k.o."]
[EventRounds "7"]
[EventCountry "NED"]
[SourceTitle "CBM 032"]
[Source "ChessBase"]
[SourceDate "1993.02.01"]
[SourceVersion "1"]
[SourceVersionDate "1993.02.01"]
[SourceQuality "1"]

1. c4 e5 2. Nc3 Nf6 3. Nf3 Nc6 4. e4 Bb4 5. d3 O-O (5... d6 6. g3 O-O 7. Bg2 h6
8. O-O Be6 9. Nd5 Bc5 10. h3 a5 11. Be3 Nd7 $13 {Rohde,M-Gurevich,I New York
Reshevsky 1992 CBM/31}) 6. g3 Nd4 $5 7. Bg2 (7. Nxe5 $2 Qe7 8. Nf3 Nxe4 $1 $19)
7... Nxf3+ 8. Qxf3 d6 9. Qe2 c6 10. O-O a6 11. h3 b5 12. Be3 Re8 13. Rac1 Bb7
14. Rfd1 Bxc3 $1 15. Rxc3 c5 16. a3 h6 17. b3 Qe7 18. Rc2 Rab8 19. Rdc1 bxc4 $1
20. bxc4 Bc6 $10 21. Rb2 Rxb2 22. Qxb2 Nd7 23. Rb1 Rb8 24. Qc1 Qd8 25. h4 Nf8
26. Kh2 Ne6 27. Bh3 Nd4 28. Bxd4 cxd4 29. Rb4 a5 30. Rb2 Kf8 31. Bg4 Qc7 32.
Rxb8+ Qxb8 33. c5 Be8 $1 34. Bd1 $2 (34. cxd6 Qxd6 35. Qb2 $10) 34... Qc7 $1
35. Qb2 dxc5 (35... Qxc5 36. Qb8 Ke7 37. Qb7+ Kf6 38. Qb8 $15) 36. Bb3 Qb6 37.
Qc2 Bd7 38. Bd5 Ke7 39. Qc4 $1 Be6 (39... f6 40. Bg8 Be8 $15) 40. Bxe6 fxe6 $10
41. h5 Kd6 42. Kh3 Qc6 43. a4 Kc7 44. f4 exf4 45. gxf4 Qb6 46. Qc2 Qc6 1/2-1/2

[Event "Interpolis"]
[Site "Tilburg"]
[Date "1992.10.08"]
[Round "1.1"]
[White "Gulko, Boris F"]
[Black "Knoppert, Erik"]
[Result "1/2-1/2"]
[WhiteElo "2610"]
[BlackElo "2370"]
[Annotator "Ribli,Z"]
[PlyCount "66"]
[EventDate "1992.10.08"]
[EventType "k.o."]
[EventRounds "7"]
[EventCountry "NED"]
[SourceTitle "CBM 032"]
[Source "ChessBase"]
[SourceDate "1993.02.01"]
[SourceVersion "1"]
[SourceVersionDate "1993.02.01"]
[SourceQuality "1"]

1. c4 e5 2. g3 Nf6 3. Bg2 Nc6 4. Nc3 Bb4 5. e4 O-O (5... a5 6. Nge2 Bc5 7. h3
$6 Nd4 8. Nxd4 exd4 9. Ne2 c6 10. O-O O-O 11. d3 Re8 12. b3 d5 $13 {Ubilava,
E-Sokolov,A New York op 1990 EXP/16}) 6. d3 (6. Nge2 Re8 7. a3 Bf8 8. d3 Nd4 9.
Nxd4 exd4 10. Ne2 c5 11. b4 d6 12. O-O $14 {Smyslov-Karesev URS-ch 1971 13/52})
6... d6 7. Nf3 (7. Nge2 $5 Nd4 8. O-O) 7... Nd4 8. Nxd4 (8. O-O Bg4 $1 $13)
8... exd4 9. a3 Ba5 10. b4 dxc3 11. bxa5 c6 12. O-O (12. Qa4 d5 $5) 12... Qxa5
13. Rb1 Nd7 14. Qc2 Nc5 15. Be3 f5 $1 16. Bd4 fxe4 17. dxe4 Be6 18. Bxc3 Qa6
19. Rb4 Bxc4 20. Bxg7 Bxf1 21. Bxf1 Qxa3 22. Bc3 Rf3 (22... b5 23. e5 $1 $44)
23. Bc4+ d5 24. Bb3 Nxb3 25. Rxb3 Qa4 (25... Qc5 26. exd5 Raf8 27. Rxb7 R3f7
28. dxc6 $44) 26. exd5 cxd5 (26... Raf8 $5) 27. Qd1 $1 Rd3 28. Qh5 $1 (28. Qxd3
Qxb3 29. Qd4 Qb1+ 30. Kg2 Qe4+ $19) 28... Qxb3 29. Qg5+ Kf7 30. Qf6+ Ke8 31.
Qe6+ Kf8 32. Qd6+ Ke8 33. Qe6+ Kf8 1/2-1/2

[Event "Helsinki op"]
[Site "Helsinki"]
[Date "1992.??.??"]
[Round "3"]
[White "Savchenko, Stanislav"]
[Black "Romanishin, Oleg M"]
[Result "1/2-1/2"]
[WhiteElo "2505"]
[BlackElo "2555"]
[Annotator "Ribli,Z"]
[PlyCount "84"]
[EventDate "1992.09.??"]
[EventType "swiss"]
[EventRounds "9"]
[EventCountry "FIN"]
[SourceTitle "CBM 032"]
[Source "ChessBase"]
[SourceDate "1993.02.01"]
[SourceVersion "1"]
[SourceVersionDate "1993.02.01"]
[SourceQuality "1"]

1. c4 e5 2. Nc3 Nf6 3. Nf3 Nc6 4. d3 Bb4 (4... Be7 5. e3 O-O 6. Be2 d5 7. cxd5
Nxd5 8. O-O Be6 9. Bd2 Qd7 10. a3 f6 11. Qc2 Nxc3 12. bxc3 Nd8 13. d4 exd4 14.
cxd4 $14 {Savon,V-Kholmov,R Cheliabinsk 1991 CBM/25}) 5. Bd2 O-O 6. g3 (6. e3
$5 d6 7. Be2 Bg4 8. h3 Bh5 9. a3 Bxc3 10. Bxc3 e4 11. Nd2 Bxe2 12. Qxe2 exd3
13. Qxd3 Re8 $14 {Polugaevsky-Haik Haifa 1989 48/23}) 6... Re8 7. Bg2 Bxc3 8.
Bxc3 d5 9. cxd5 Nxd5 10. O-O Rb8 11. Rc1 Nxc3 12. bxc3 (12. Rxc3 Nd4 $13) 12...
b6 13. d4 Bg4 14. h3 Bxf3 15. Bxf3 Na5 16. Qa4 Qf6 17. dxe5 Qxe5 18. Rfd1 Qe6
19. Kg2 Red8 20. Rd4 c5 21. Rdd1 g6 22. c4 $1 Rxd1 23. Qxd1 Qe7 24. Bd5 Nb7 25.
e4 Nd8 26. h4 Ne6 27. h5 Nc7 (27... Re8 $5) 28. Qf3 Re8 29. Rc3 Ne6 30. Ra3 Nd4
31. Qg4 Kg7 32. Qf4 g5 33. h6+ Kxh6 34. Qxf7 Qxf7 35. Bxf7 Re7 36. Bd5 g4 $1
37. e5 Kg5 38. Re3 h5 39. Re1 Kf5 40. Rh1 Kg5 41. Re1 Kf5 42. Rh1 Kg5 1/2-1/2

[Event "Barcelona"]
[Site "Barcelona"]
[Date "1992.05.??"]
[Round "11"]
[White "Rivas Pastor, Manuel"]
[Black "Romanishin, Oleg M"]
[Result "1/2-1/2"]
[WhiteElo "2520"]
[BlackElo "2595"]
[Annotator "Ribli,Z"]
[PlyCount "96"]
[EventDate "1992.05.??"]
[EventType "tourn"]
[EventRounds "11"]
[EventCountry "ESP"]
[EventCategory "13"]
[SourceTitle "CBM 030"]
[Source "ChessBase"]
[SourceDate "1992.10.01"]
[SourceVersion "1"]
[SourceVersionDate "1992.10.01"]
[SourceQuality "1"]

1. c4 e5 2. Nc3 Nf6 3. Nf3 Nc6 4. e3 Bb4 5. Qc2 Bxc3 6. Qxc3 Qe7 7. a3 a5 (7...
d5 8. cxd5 $5 Nxd5 9. Qb3 Nb6 10. d3 {Rivas Pastor,M -Kortschnoj,V Salamanca
1991 CBM/23}) 8. d3 (8. b4 axb4 9. axb4 Rxa1 10. Qxa1 e4 11. b5 exf3 12. bxc6
fxg2 13. cxd7+ Nxd7 $2 (13... Qxd7 $5) 14. Bxg2 O-O 15. O-O $14 {Adgestein,
S-Adams,M Hastings 1991 CBM/27 53/37}) 8... O-O 9. Be2 a4 10. O-O d6 11. e4 (
11. b4 axb3 12. Qxb3 b6 $10) 11... Nd7 12. Be3 Nc5 13. Nd2 Ne6 14. b4 axb3 15.
Nxb3 b6 16. a4 Na5 $1 17. Bd1 Bd7 18. Bd2 Nxb3 19. Bxb3 Nd4 $15 20. Rfe1 Qf6
21. Bd1 Qg6 22. Be3 Bh3 23. g3 Ne6 24. a5 bxa5 25. Rxa5 Rxa5 26. Qxa5 f5 $1 27.
exf5 Bxf5 28. Be2 Bxd3 29. Bxd3 Qxd3 30. Qd5 Qxd5 31. cxd5 Nd8 32. f4 exf4 (
32... Nf7 33. Rc1 Rc8 34. Bb6 $10) 33. Bxf4 Nf7 34. Rc1 Rc8 35. Bd2 Ne5 36. Ba5
c5 37. dxc6 Rxc6 38. Rxc6 Nxc6 39. Bc7 d5 40. Kf2 Kf7 41. Ke3 Kf6 42. h3 Kg5
43. Kd3 h5 44. Bf4+ Kf5 45. Bc7 g6 46. Bd6 d4 47. Bf4 g5 48. Bc7 Ne5+ 1/2-1/2